Statistics for Which Country Doesn't Have _________? #4

Click here to take the quiz!

General Stats

  • This quiz has been taken 58 times
  • The average score is 8 of 10

Answer Stats

QuestionAnswer% Correct
Which Country doesn't have a border with the Caribbean?Canada
94%
Which Country doesn't end with "-stan?"Azerba-
92%
2. Which Country doesn't have a flag with the color yellow on it?Azerbaijan
89%
Which country isn't part of NATO?Georgia
83%
Which Country doesn't have a land border with Thailand?China
78%
Which Country isn't official ruled by Queen Elizabeth?India
75%
Which Country doesn't have a population over 200 million?Bangladesh
67%
Which Country doesn't have Mandarin as an official language?Malaysia
67%
Which Country doesn't have a capital city that starts with the letter M?Solomon Islands
67%
Which didn't exist in 1900?Poland
64%

Score Distribution

Percentile by Number Answered

Percent of People with Each Score

Your Score History

You have not taken this quiz